00636 2200241 4500001002100000005001700021008004100038020001800079035002400097082001200121090001900133100001900152245007000171250001100241260002700252300002200279500003100301650001400332850001200346980001500358985000600373999001500379YOGYA-0209000006576320090227091834.0 ind  a979-404-259-5 0010-020900000065763 a615.925 a615.925bAdi K aADIWISASTRA, A aKeracunan sumber, bahaya, serta penanggulangannyacA. Adiwisastra aCet. 1 aBandungbAngkasac1987 ax, 230 hlmc20 cm aBibliografi : hlm. 229-230 aKeracunan aYOPDYOG a22-11-2008 a1 a0000005180